000 00575nam a2200181 i 4500
001 62614
003 ES-MaACL
005 20230906164712.0
007 t|
008 031124s1965 sp ||||1| spa d
100 1 _aFernández Heras, Amado.
_949843
245 1 0 _aNormas únicas para aplicación del plus familiar /
_cAmado Fernández Heras y Amado Fernández Mendiola.
250 _a[17ª ed.].
260 _a[Zaragoza :
_bEditorial Lasala],
_c1965.
300 _a217 p. ;
_c22 cm.
700 1 _aFernández Mendiola, Amado.
_949923
852 _aES-MaACL
_jC-27454
_bR.56403
999 _c62614
_d62614